| 000 | 00863nam a22002777a 4500 | ||
|---|---|---|---|
| 001 | 9450 | ||
| 003 | FISKH | ||
| 005 | 20260109100115.0 | ||
| 008 | 260109b cb ||||| |||| 00| 0 eng d | ||
| 020 | _a639277114457 | ||
| 040 |
_aFISKH _beng _cFISKH _dFISKH |
||
| 050 | _aPZ7 | ||
| 082 | _a590 | ||
| 100 |
_aGreenbriar, J. _eAuthor |
||
| 245 | _aSeek & slide animals / | ||
| 260 |
_aNashville : _bThe Clever Factory , _c2006 |
||
| 300 |
_a6 unnumbered pages : _bcolor illustrations ; _c18 cm |
||
| 505 | _aC | ||
| 520 | _aLearning is fun with these Seek and Slide books. The colorful interactive sliding pages will entertain little readers over and over again. | ||
| 521 | 8 |
_a150
_bLexile estimate |
|
| 521 | 8 |
_aC
_bRaz-Plus |
|
| 650 |
_aInteractive _vScan cover |
||
| 650 |
_aBoard book _vEarly childhood |
||
| 942 |
_2ddc _cBK _n0 |
||
| 999 |
_c9450 _d9450 |
||